Occupational safety and health for technologists, engineers, and managers / (Record no. 8884)

MARC details
000 -LEADER
fixed length control field 00997nac a22002651u 4500
010 ## - LIBRARY OF CONGRESS CONTROL NUMBER
LC control number 2007000497
020 ## - INTERNATIONAL STANDARD BOOK NUMBER
International Standard Book Number 0132397609
020 ## - INTERNATIONAL STANDARD BOOK NUMBER
International Standard Book Number 9780132397605
035 ## - SYSTEM CONTROL NUMBER
System control number (OCoLC)ocm79001577
035 ## - SYSTEM CONTROL NUMBER
System control number (OCoLC)79001577
082 00 - DEWEY DECIMAL CLASSIFICATION NUMBER
Classification number 658.408
Item number GOE
090 ## - LOCALLY ASSIGNED LC-TYPE CALL NUMBER (OCLC); LOCAL CALL NUMBER (OCLC)
-- 8884
-- 8884
100 ## - MAIN ENTRY--PERSONAL NAME
Personal name Goetsch, David L.
245 10 - TITLE STATEMENT
Title Occupational safety and health for technologists, engineers, and managers /
Statement of responsibility, etc David L. Goetsch.
250 ## - EDITION STATEMENT
Edition statement 6th ed.
Remainder of edition statement Pearson International ed.
260 ## - PUBLICATION, DISTRIBUTION, ETC. (IMPRINT)
Place of publication, distribution, etc Upper Saddle River, N.J. :
Name of publisher, distributor, etc Pearson Prentice Hall,c2008.
Date of publication, distribution, etc c2008.
300 ## - PHYSICAL DESCRIPTION
Extent xxiv, 952 p. :
Other physical details ill. ;
Dimensions 25 cm.
500 ## - GENERAL NOTE
General note Distributer: Baccah.
504 ## - BIBLIOGRAPHY, ETC. NOTE
Bibliography, etc Includes bibliographical references and index.
511 ## - PARTICIPANT OR PERFORMER NOTE
Participant or performer note Catalogued By: Mahitab.
650 #0 - SUBJECT ADDED ENTRY--TOPICAL TERM
Topical term or geographic name as entry element Industrial safety
Geographic subdivision United States.
650 #0 - SUBJECT ADDED ENTRY--TOPICAL TERM
Topical term or geographic name as entry element Industrial hygiene
Geographic subdivision United States.
856 41 - ELECTRONIC LOCATION AND ACCESS
Materials specified Table of contents only
Uniform Resource Identifier <a href="http://www.loc.gov/catdir/toc/ecip078/2007000497.html">http://www.loc.gov/catdir/toc/ecip078/2007000497.html</a>
942 ## - ADDED ENTRY ELEMENTS (KOHA)
Item type Book - Borrowing
Call number prefix 658.408GOE
Holdings
Withdrawn status Item status Damaged status Not for loan Home library Current library Shelving location Date acquired Source of acquisition Total Checkouts Total Renewals Full call number Barcode Date last seen Date last borrowed Koha item type
        Central Library Central Library First floor 27/03/2008 Purchase 6 4 658.408GOE 000010840 15/07/2025 28/09/2019 Book - Borrowing